Hide and Seek - Countries #27 - Statistics

General Stats
  • This quiz has been taken 13 times
  • The average score is 4 of 7
Answer Stats
Answer % Correct
Kenya
73%
Kosovo
73%
Kazakhstan
64%
Kiribati
55%
Kyrgyzstan
45%
They all start with the letter "K".
45%
Kuwait
36%
No matching quizzes found
Score Distribution
Percent of People with Each Score
Percentile by Number Answered
Your Score History
You have not taken this quiz